00730cam a2200265 45000010008000000030004000080050017000120080041000290100017000700400018000870500025001050820023001301000018001532450047001712600066002183000019002843500009003035040041003125210021003535260016003745410006003905620006003966300023004027000039004252657754OSt20140310182657.0700720s1970 miub b 000 0 engd  a 71122967  aDLCcDLCdDLC00aBS 647.2b.L752 197000aM 220.15bL64 19761 aLindsey, Hal.14aThe late great planet earth,cLindsey, Hal aGrand Rapids, Michigan :bZondervan Publishing House,cc1970. a180 p.c18 cm. a3.95 aIncludes bibliographical references. aCollege Students c1210L-1700L j1 e1 0aBiblexProphecies.1 aCarlson, Carole C.,ejoint author.